000 00770nam a2200229 a 4500
001 12381
003 CO-ViMGA
008 141112s2004 ck r 000 u spa d
040 _aCO-ViMGA
_bspa
_cCO-ViMGA
082 0 4 _a346.0166 M178t
100 1 _aMartinez, Pardo Hector
_96406
245 1 0 _aTeoria y practica matrimonio Civil y separación de cuerpos ante notario público
250 _a1
260 _aBogotá :
_bJuridica Radar,
_c1989
300 _a201p.
590 _aForma de adquisición : DONACION - - Proveedor : MANUEL DARIO RODRIGUEZ - - Fecha de adquisición : 05 - 19 - 2000
650 1 4 _aCOLOMBIA
_917729
650 1 4 _aMATRIMONIO CIVIL
_917730
650 1 4 _aSEPARACION CONYUGAL
_917731
650 1 4 _aSEPARACION DE PATRIMONIO
_917732
942 _2ddc
_cBK
999 _c23390
_d23390